000 01127nam a22002777a 4500
001 1269
005 20250901162021.0
020 _a9789924340157
040 _aFISKH
_beng
_cFISKH
_dFISKH
082 _a495.9
100 _aKunthearo, Prum
245 _aស្រៈខ្មែរ /
_cព្រំ គុន្ធារ៉ូ
250 _aបោះពុម្ពលើកទី ៥​ តុលា ២០២១
260 _aPhnom Penh :
_bSipar,
_c2021.
300 _a27 pages :
_bcolor illustrations ;
_c17 cm
490 _aតស់រៀន!
505 _aC
520 _aណែនាំកុមារតូចឱ្យស្គាល់ពីស្រះខ្មែរអមជាមួយរូបភាពពណ៍ផងដែរ ។
520 _aIntroduce young children to the Khmer vowels with colorful pictures.
521 _a100
_bLexile estimate
521 _aC
_bRaz-Plus
650 _aស្រៈ​
_vភាសាខ្មែរ
_xរូបភាព
650 _aVowel
_vKhmer Language
_xPictures
700 _aKunthearo, Prum
_cillustrator
942 _2ddc
_cBK
_n0
999 _c1269
_d1269